DTM Fahrer 2018 - Statistiken

Allgemein
  • Dieses Quiz wurde 5 mal gespielt
  • Das Durchschnittsergebnis liegt bei 17 aus 21
Antwortstatistiken
Team Nummer Marke Nation Fahrer % Korrekt
BMW Team RBM 7 BMW Kanada Bruno Spengler
100%
Audi Sport Team Rosberg 53 Audi Großbritannien Jamie Green
100%
SILBERPFEIL Energy Mercedes-AMG Motorsport 22 Mercedes Österreich Lucas Auer
100%
Audi Sport Team Abt Sportsline (Gastfahrer)(1) 5 Audi Schweden Mattias Ekström
100%
Audi Sport Team Abt Sportsline 51 Audi Schweiz Nico Müller
100%
Mercedes-AMG Motorsport PETRONAS 94 Mercedes Deutschland Pascal Wehrlein
100%
BMW Team RMR 16 BMW Deutschland Timo Glock
100%
BMW Team RMG 15 BMW Brasilien Augusto Farfus
80%
Mercedes-AMG Motorsport REMUS 23 Mercedes Spanien Daniel Juncadella
80%
Mercedes-AMG Motorsport PETRONAS 2 Mercedes Großbritannien Gary Paffett
80%
BMW Team RMG 11 BMW Deutschland Marco Wittmann
80%
Audi Sport Team Phoenix 99 Audi Deutschland Mike Rockenfeller
80%
Mercedes-AMG Motorsport REMUS 3 Mercedes Großbritannien Paul di Resta
80%
BMW Team RMR 25 BMW Österreich Phillip Eng
80%
Audi Sport Team Rosberg 33 Audi Deutschland Rene Rast
80%
SILBERPFEIL Energy Mercedes-AMG Motorsport 48 Mercedes Italien Edoardo Mortara
60%
BMW Team RBM 47 BMW Schweden Joel Eriksson
60%
Audi Sport Team Phoenix 28 Audi Frankreich Loic Duval
60%
Audi Sport Team Abt Sportsline 4 Audi Niederlande Robin Frijns
60%
Mercedes-AMG Motorsport REMUS (Gastfahrer)(1) 17 Mercedes Frankreich Sebastien Ogier
60%
BMW Team RMR (Gastfahrer)(1) 12 BMW Italien Alessandro (Alex) Zarnardi
20%
Keine übereinstimmenden Quizze gefunden
Verteilung der Resultate
Anzahl Personen mit jedem Resultat
Perzentil nach korrekt beantworteten Fragen
Ihre Resultats-Entwicklung
Sie haben dieses Quiz noch nicht gespielt